书目信息 |
| 题名: |
熵
|
|
| 作者: | 汤甦野 著 | |
| 分册: | ||
| 出版信息: | 合肥 中国科学技术大学出版社 2004.07 |
|
| 页数: | 151页 | |
| 开本: | 21cm | |
| 丛书名: | ||
| 单 册: | ||
| 中图分类: | O414.11 | |
| 科图分类: | ||
| 主题词: | 熵--研究 | |
| 电子资源: | ||
| ISBN: | 7-312-01701-0 | |
| 000 | 00906nam0 2200253 450 | |
| 001 | 010267340709 | |
| 005 | 20051019152014.21 | |
| 010 | @a7-312-01701-0@dCNY12.00 | |
| 100 | @a20051019d2004 km y0chiy0120 ea | |
| 101 | 0 | @achi |
| 102 | @aCN@b340000 | |
| 105 | @aa a 000yy | |
| 200 | 1 | @a熵@Ashang@e一个世纪之谜的解析@d= Tacking a century mystery,entropy@f汤甦野著@Ftang su ye zhu@zeng |
| 210 | @a合肥@c中国科学技术大学出版社@d2004.07 | |
| 215 | @a151页@c图@d21cm | |
| 320 | @a有书目(第151页)。 | |
| 330 | @a本书详细介绍了熵的诞生、熵定理之谜、几率描述的普适性、形态发生与热力学诠解、动力学的更新、动力学集体、动力学和热力学等。 | |
| 510 | @aTacking a century mystery,entropy@zeng | |
| 517 | 1 | @a一个世纪之谜的解析@Ayi ge shi ji zhi mi de jie xi |
| 606 | 0 | @a熵@x研究 |
| 690 | @aO414.11@v4 | |
| 701 | 0 | @a汤甦野@Atang su ye@4著 |
| 801 | 0 | @aCN@bQSSK@c20051019 |
| 905 | @a10447@dO414.11@eT221 | |
| 熵:一个世纪之谜的解析= Tacking a century mystery,entropy/汤甦野著.-合肥:中国科学技术大学出版社,2004.07 |
| 151页:图;21cm |
| ←并列题名:Tacking a century mystery,entropy |
| ISBN 7-312-01701-0:CNY12.00 |
| 本书详细介绍了熵的诞生、熵定理之谜、几率描述的普适性、形态发生与热力学诠解、动力学的更新、动力学集体、动力学和热力学等。 |
| ● |
| 相关链接 |
|
|
|
正题名:熵
索取号:O414.11/T221
 
预约/预借
| 序号 | 登录号 | 条形码 | 馆藏地/架位号 | 状态 | 备注 |
| 1 | 575144 | 205751444 | 自科库401/401自科库 87排1列5层/ [索取号:O414.11/T221] | 在馆 | |
| 2 | 575145 | 205751453 | 自科库401/401自科库 87排1列5层/ [索取号:O414.11/T221] | 在馆 |